| 000 | 03014nam a22005777a 4500 | ||
|---|---|---|---|
| 001 | 11226854 | ||
| 003 | LIBRIS | ||
| 005 | 20241031115625.0 | ||
| 008 | 081124s2008 maua|||||b||||001 0|eng| | ||
| 010 | _a2007042254 | ||
| 016 | 7 |
_a101318428 _2DNLM |
|
| 020 |
_a9780763746438 _qpbk. : alk. paper |
||
| 020 |
_a0763746436 _qpbk. : alk. paper |
||
| 035 | _a(OCoLC)ocn175055917 | ||
| 035 |
_a(OCoLC)175055917 _z(OCoLC)173240799 |
||
| 040 |
_aDNLM/DLC _cDLC _dNLM _dBTCTA _dBAKER _dYDXCP _dC#P _dDNF _dMUQ _ea _beng |
||
| 041 | _aeng | ||
| 042 | _apcc | ||
| 050 | 0 | 0 |
_aRT90 _b.N86 2008 |
| 060 | 0 | 0 | _a2008 B-772 |
| 060 | 1 | 0 |
_aWY 18 _bN97411 2008 |
| 080 |
_a616-08 _bB-29 |
||
| 082 | 0 | 0 |
_a613 _222 |
| 084 |
_aVnaaa _2kssb/8 (machine generated) |
||
| 245 | 1 | 0 |
_aNurse as educator : _bprinciples of teaching and learning for nursing practice / _c/ by: Jones and Bartlett Publishers |
| 250 | _a3rd edition | ||
| 260 |
_aSudbury, Mass. _bJones and Bartlett Publishers _c2008. |
||
| 300 |
_axx, 667 p. _bill. _c23 cm. |
||
| 504 | _aIncludes bibliographical references and index. | ||
| 505 | 8 | _aOverview of education in health care / Susan B. Bastable -- Ethical, legal, and economic foundations of the educational process / M. Janice Nelson -- Applying learning theories to healthcare practice / Margaret M. Braungart, Richard G. Braungart -- Determinants of learning / Sharon Kitchie -- Developmental stages of the learner / Susan B. Bastable, Michelle A. Dart -- Compliance, motivation, and health behaviors of the learner / Eleanor Richards, Kirsty Digger -- Literacy in the adult client population / Susan B. Bastable -- Gender, socioeconomic, and cultural attributes of the learner / Susan B. Bastable -- Special populations / Kay Viggiani -- Behavioral objectives / Susan B. Bastable, Julie A. Doody -- Instructional methods and settings / Kathleen Fitzgerald -- Instructional materials / Diane S. Hainsworth -- Technology in education / Deborah L. Sopczyk -- Evaluation in healthcare education / Priscilla Sanford Worral. | |
| 650 | 0 | _aHealth education. | |
| 650 | 0 |
_aPatient Care _9285 |
|
| 650 | 0 | _aTeaching. | |
| 650 | 0 | _aLearning. | |
| 650 | 1 | 2 |
_aEducation, Nursing _xmethods. |
| 650 | 2 | 2 |
_aLearning _vNurses' Instruction. |
| 650 | 2 | 2 |
_aPatient Education as Topic _xmethods. |
| 650 | 2 | 2 |
_aTeaching _vNurses' Instruction. |
| 650 | 6 | _a�ducation sanitaire. | |
| 650 | 6 | _aEnseignement. | |
| 650 | 6 | _aApprentissage. | |
| 653 | _aპაციენტის მოვლა | ||
| 653 | _aექთნების განათლება | ||
| 653 | _aსამედიცინო განათლება | ||
| 700 | 1 | _aBastable, Susan Bacorn. | |
| 887 |
_a{"@id":"4nggz8qg1xvtd8d","modified":"2018-10-30T23:00:00+01:00","checksum":"71936774577"} _2librisxl |
||
| 887 |
_a{"@id":"04b940p547xnfb8","modified":"2013-07-11T13:39:22+02:00","checksum":"91257406474"} _2librisxl |
||
| 942 |
_2udc _cBK _e3 |
||
| 999 |
_c843 _d843 |
||